Normal view
MARC view
- HORMONE-THERAPY-POPULAR WORKS.WOMEN-HEALTH AND HYGIENE
Entry Topical Term
001 - CONTROL NUMBER
- control field: 65744
003 - CONTROL NUMBER IDENTIFIER
- control field: NUST
005 - DATE AND TIME OF LATEST TRANSACTION
- control field: 20210628203502.0
008 - FIXED-LENGTH DATA ELEMENTS
- fixed length control field: 210628|| aca||aabn | a|a d
040 ## - CATALOGING SOURCE
- Original cataloging agency: NUST
- Transcribing agency: NUST
150 ## - HEADING--TOPICAL TERM
- Topical term or geographic name entry element: HORMONE-THERAPY-POPULAR WORKS.WOMEN-HEALTH AND HYGIENE
670 ## - SOURCE DATA FOUND
- Source citation: Work cat.: (NUST): Cohan, Phuli 65743, The natural hormone makeover, 10 steps to rejuvenate your health and rediscover your inner glow, 2008
